| 000 | 01304aas a2200229 4500 | ||
|---|---|---|---|
| 999 |
_c4658 _d4658 |
||
| 003 | BR-BrBNA | ||
| 005 | 20230317234242.0 | ||
| 007 | ta | ||
| 008 | 230119b bl ||||| |||| 00| 0 por d | ||
| 040 |
_aBR-BrBNA _bSpa _cBR-BrBNA |
||
| 044 | _abl | ||
| 245 |
_aSalud agropecuaria _cInstituto Interamericano de Cooperacion para la AgriculturaCentro Interamericano de Documentacion e Informacion Agricola Inter-American Agricultural Documentation and Information Center |
||
| 260 |
_aCoronado, CR _bInstituto Interamericano de Cooperacion para la AgriculturaCentro Interamericano de Documentacion e Informacion AgricolaInter-American Agricultural Documentation and Information Center _eCR |
||
| 270 | _aIICA; Apdo. 55-2200, Coronado, ( Costa Rica ) / Tel. : 29-0222 ; Telex : 2144 / Facsimil : (506)294741 | ||
| 310 | _abimensal (duas vezes por mês) | ||
| 490 | _aServicio de informacion bibliografica ; a bibliographic information service | ||
| 500 | _aAs publicações vol.1, no.1 e vol.1, no.2, 1991 são continuações dos boletins "Sanidad Vegetal " e " Salud Animal ", vol.3, 1990 ; A partir do ano de 1991 a periodicidade passou a ser semestral | ||
| 505 | _a1991 1(1, 2-nespc.); 1992 2( nespc.); | ||
| 650 | 1 | 2 | _gAGRICULTURA; VETERINARIA; DOENCA DE PLANTA |
| 909 |
_a56 _bSergio Santos _c56 _dSergio Santos |
||
| 942 |
_cCR _2AGRIS |
||